RAINBOW TOEIC Đ1,2,3,4

Gespeichert in:
Bibliographische Detailangaben
1. Verfasser: Byeon Jinhyeop
Format: Buch
Veröffentlicht: TP.HCM 2009
Schlagworte:
Tags: Tag hinzufügen
Keine Tags, Fügen Sie den ersten Tag hinzu!
Thư viện lưu trữ: Mạng thư viện Đại học Đà Nẵng
LEADER 00764nam a22002291a 4500
001 000034014
003 10206
005 20151027131601.0
008 151027s2009 000 D
082 |a 420.8  |b BY-J  |2 Đ1,2,3,4 
100 |a Byeon Jinhyeop 
245 |a RAINBOW TOEIC  |c Byeon Jinhyeop  |n Đ1,2,3,4 
260 |a TP.HCM  |c 2009 
650 |a RAINBOW TOEIC, TOEIC 
OWN |a LNN 
AVA |a UDN50  |b LNN  |d 420.8 BY-J  |e available  |t Error 5001 Not defined in file expand_doc_bib_avail.  |f 3  |g 0  |h N  |i 0  |k 1 
999 |a From the UDN01 
AVA |a UDN50  |b LNN  |d 420.8 BY-J  |e available  |t Error 5001 Not defined in file expand_doc_bib_avail.  |f 3  |g 0  |h N  |i 0  |k 1 
TYP |a Monograph 
980 |a Mạng thư viện Đại học Đà Nẵng